00491nam a2200145Ia 4500003000900000008004100009020002600050040001600076100002600092245003900118260003200157300002000189490003300209856010300242IN-BaIIA211028s9999 xx s 000 0 eng d a9780819487483 (Print) cIIA Library aPapadakis, Manos, ed. 0aWavelets and Sparsity XIVh[eBook] aWashington, USAbSPIEc2011 aOnline resource aProceedings of SPIE; V. 8138 uhttps://www.spiedigitallibrary.org/conference-proceedings-of-spie/8138yClick Here to Access eBook